Duálne vzdelávanie

V príspevku sa autorka venuje odbornému vzdelávaniu, resp. jednému z typov – duálnemu vzdelávaniu. Na príklade koncepčných skúseností zo zavádzaním rôznych modelov, prístupov k odbornému vzdelávaniu vysvetľuje model existujúci v slovenských podmienkach. Kľúčovú úlohu majú v systéme duálneho vzdeláva...

Descripción completa

Guardado en:
Detalles Bibliográficos
Autor principal: Wiegerová, Adriana
Formato: Capítulo de libro
Lenguaje:eslovaco
Materias:
Etiquetas: Agregar Etiqueta
Sin Etiquetas, Sea el primero en etiquetar este registro!

MARC

LEADER 00000naa a2200000 4500
001 0299036
005 20240417075302.6
041 0 |a slo 
044 |a SK 
245 1 0 |a Duálne vzdelávanie  |c Adriana Wiegerová 
520 |a V príspevku sa autorka venuje odbornému vzdelávaniu, resp. jednému z typov – duálnemu vzdelávaniu. Na príklade koncepčných skúseností zo zavádzaním rôznych modelov, prístupov k odbornému vzdelávaniu vysvetľuje model existujúci v slovenských podmienkach. Kľúčovú úlohu majú v systéme duálneho vzdelávania odborní pracovníci z praxe, ktorí sa na Slovensku volajú hlavní inštruktori. Im je venovaná v štúdii pozornosť. Autorka ukazuje na možnosti sledovania sebapoňatia hlavných inštruktorov, na ich pozíciu vo firmách u svojich zamestnávateľov a odporúča sledovať ich činnosť aj z hľadiska výskumov. 
610 2 0 |a vzdelávanie duálne 
610 2 0 |a pracovníci odborní 
610 2 0 |a vzdelávanie celoživotné 
610 2 0 |a zamestnanci 
610 2 0 |a zamestnávatelia 
100 1 |a Wiegerová, Adriana